000 01283nam a2200349 i 4500
003 EG-GICUC
005 20260204183511.0
008 260108s1995 ua |||fr|||| 00| 0 ara d
017 _a94/11802
020 _a9770412996
040 _a EG-GICUC
_bara
_c EG-GICUC
_d EG-GICUC
_erda
041 _aara
082 0 4 _221
_a343.6
_bأ س . ج
092 0 4 _221
099 _aLaw1 10 343.6 أ س . ج 1995
100 0 _aأسامة عبد الله قايد
_eمؤلف.
245 1 2 _aالجريمة :
_bأحكامها العامة في الأنظمة الحديثة والفقه الإسلامي /
_cتأليف دكتور أسامة عبد الله قايد .
250 _aالطبعة الثانية
264 1 _aالقاهرة :
_bدار النهضة العربية ،
_c1995 .
300 _a424 صفحة؛
_c24 سم.
336 _2rda content
_atext
337 _2rda media
_aComputer
338 _2rda carrier
_aOnline Resource
504 _aببليوجرافيا: صفحات403-410.
546 _aالنص باللغة العربية
650 1 _aعلم الإجرام
_2qrmak
650 1 _aالقانون الجنائي
_2qrmak
651 1 _2qrmak
856 4 0 _uhttps://fll.law.cu.edu.eg/fulltext/bks/B10-07403.pdf
905 _a54
_eYara
942 _2ddc
_cBK
_e21
_n0
999 _c55667
_d55667